|
|
|
|
| LEADER |
01667cas a2200241 a 4500 |
| 001 |
AALejournalIMF006504 |
| 008 |
230101c9999 xx r poo 0 0eng d |
| 020 |
|
|
|c 5.00 USD
|
| 020 |
|
|
|z 9781455205639
|
| 022 |
|
|
|a 1934-7685
|
| 040 |
|
|
|a BD-DhAAL
|c BD-DhAAL
|
| 110 |
2 |
|
|a International Monetary Fund.
|
| 245 |
1 |
0 |
|a Republic of Serbia :
|b Financial Sector Assessment Program Update; Financial System Stability Assessment.
|
| 264 |
|
1 |
|a Washington, D.C. :
|b International Monetary Fund,
|c 2010.
|
| 300 |
|
|
|a 1 online resource (50 pages)
|
| 490 |
1 |
|
|a IMF Staff Country Reports
|
| 500 |
|
|
|a <strong>Off-Campus Access:</strong> No User ID or Password Required
|
| 500 |
|
|
|a <strong>On-Campus Access:</strong> No User ID or Password Required
|
| 506 |
|
|
|a Electronic access restricted to authorized BRAC University faculty, staff and students
|
| 520 |
3 |
|
|a This paper discusses key findings of the Financial Sector Assessment Program (FSAP) Update for Serbia. The assessment reveals that the financial system of Serbia has successfully weathered the global financial crisis, but faces the challenge of a possible further deterioration of the economic environment, with attendant effects on asset quality. The banking sector is highly capitalized and liquid, and displays considerable resilience in stress tests. Several important supervisory challenges remain despite an improvement in the supervisory framework since the 2005 FSAP.
|
| 538 |
|
|
|a Mode of access: Internet
|
| 830 |
|
0 |
|a IMF Staff Country Reports; Country Report ;
|v No. 2010/147
|
| 856 |
4 |
0 |
|z Full text available on IMF
|u http://elibrary.imf.org/view/journals/002/2010/147/002.2010.issue-147-en.xml
|z IMF e-Library
|